000 00452nam a2200181Ia 4500
008 220531s9999 xx 000 0 und d
041 _aeng
082 _a651.73
_bRAI / RAI
100 _aRai, U. / Rai, S. M.
_948724
245 _aOral Business Communication
250 _a1ST
260 _aMumbai
_bHimalaya
_c2004
300 _a101
542 _d31-03-2006
650 _aBusi. Communication
_948725
906 _d2005-2006
999 _c28490
_d28490